Quiz sur la Creuse - Statistiques

Statistiques générales
  • Ce quiz a été pris 495 fois
  • Le résultat moyen est 14 sur 20
Statistiques - réponses
Question Réponse % Correct
Numéro du département 23
98%
Région Nouvelle-Aquitaine
96%
Préfecture et plus grande ville Guéret
94%
Position du département dans le classement des départements les plus peuplés. 100
92%
Corrèze
88%
Haute-Vienne
86%
Départements limitrophes Allier
79%
Sous-préfecture Aubusson
76%
Gentilé Creusois
75%
Indre
75%
Massif montagneux qui trouve son extrémité nord-ouest dans la Creuse. La Massif Central
75%
Puy-de-Dôme
72%
Deuxième commune la plus peuplée La Souterraine
70%
Plateau occupant le quart sud-ouest du département. Plateau de Millevaches
68%
Cher
66%
Artisanat de la sous-préfecture inscrit au patrimoine culturel immatériel de l'humanité. La tapisserie
58%
Nombre d'habitants (arrondi à la dizaine de milliers d'habitants) 120 000 (118 638)
50%
Romancière qui a vécu au château de Boussac. George Sand
47%
Vallée dont le nom est notamment dû à la venue de Claude Monet. Vallée des peintres
29%
La Creuse accueille le plus grand ... végétal permanent au monde. Labyrinthe
24%
Aucun quiz correspondant
Distribution des résultats
% des personnes avec chaque résultat
Percentile par nombre de réponses
Votre historique - résultats
Vous n’avez pas pris ce quiz